| 000 | 00388nam a22001457a 4500 | ||
|---|---|---|---|
| 020 | _a0471820083 | ||
| 082 | _a916 STA | ||
| 100 | _aStamp, L. D. | ||
| 245 | _aAfrica:A study in Tropical Development | ||
| 250 | _a3rd ed | ||
| 260 |
_aLondon _bJohn Wiey and sons, inc. _c1972 |
||
| 300 |
_axi,520p. _bill;26cm |
||
| 500 | _ainclude, index, statisticl summary, biobliography | ||
| 942 | _cBK | ||
| 999 |
_c18244 _d18244 |
||